00605nam a2200169Ia 4500008004100000020001300041041000800054082001700062100004000079245006000119250000600179260006100185300001100246650001700257999001900274952014200293210716s2003 xx 000 0 und d a70530947 aeng a574.192 KUCP aKuchel, Philip; Ralston, Gregory B. aSchaums outline of theory and problems of biochemistry. a2 aNew DelhibTata McGraw Hill Publishing Company Ltdc2003 axi,559 aBiochemistry c187307d187307 00102ddc40708MCAaAIMITbAIMITeHigginbothams Pvt Ltdg285.00l0o574.192 KUCPpMCA06815r2025-07-21 00:00:00v228.00w2021-07-16yBK